000 01167nam a22001697a 4500
008 120918t xxu||||| |||| 00| 0 eng d
020 _a148836338
050 _aQA76.63.F373
100 _aFarrell, Joyce.
245 _aProgramming logic and design: comprehensive./
_cJoyce Farrell
250 _a4th ed.
260 _c2007.
_aBoston:
_bThomson,
300 _axvi, 671 + various pagings:
_bill,;
_c24cm.
500 _aIncludes index and glossary.
505 _aContents: An Overview of computers and logic -- Understanding structure -- Modules, hierachy charts, and documentation -- Designing and writing a complete program -- Making decisions -- Looping -- Control breaks -- Arrays -- Advanced array manipulation -- Using menus and validating input -- Sequential file merging, matching, and updating -- Advanced modulization techniques -- Object-oriented programming -- Event-driven programming with graphical user interfaces -- System modelling with UML -- Using relational databases -- Appendix A: Solving difficult struturing problems -- Appendix B: Understanding numbering systems and computer codes -- Appendix C: Using a large decision table.
942 _2lcc
_cBK
999 _c2348
_d9848